000 02586nam a22002417a 4500
001 6316
003 FISKH
005 20250411121537.0
008 250410b cb ||||| |||| 00| 0 eng d
040 _aFISKH
_bkhr
_cFISKH
_dFISKH
050 _aPZ7
082 _a800
100 _aSavat, Sang
245 _aមហាចោរនៅទល់ដែន​ /
_cនិពន្ធដោយលោក សាង​ សាវាត
260 _aភ្នំពេញ :
_bគ្រឺះស្ថានបោះពុម្ពផ្សាយរស្មីបដិវត្ត ,
_c1955​ .
300 _a231 pages :
_billustrations ;
_c20 cm .
520 _aរឿងនេះនិយាយអំពីមនុស្សជាច្រើនដែលរស់នៅជាយព្រំដែន កន្លែងដែលសង្គមនិងអាជ្ញាធរមិនសូវយកចិត្តទុកដាក់។ នៅទីនោះ មានមហាចោរម្នាក់ដែលបំពានច្បាប់ ហើយក៏ជាជនលិចលួងផងដែរ។ មនុស្សនេះត្រូវបានគេនិយាយថាជាឧបម៉ារបស់មនុស្សជាច្រើនដែលត្រូវប្រឈមមុខនឹងអំណាចនិងការបង្ខិតបង្ខំ។ រឿងនេះបង្ហាញពីភាពរឹងមាំ ការតស៊ូ និងការប្រយុទ្ធតាមរបៀបដ៏បែបផែន ដើម្បីរស់រានមានជីវិត ឬរកយុត្តិធម៌ក្នុងពិភពដែលពោរពេញទៅដោយអំពើអយុត្តិធម៌។
520 _aThe story follows a mysterious and well-known thief who operates near the border. He is more than just a criminal—he represents the voice of those who are oppressed, the people pushed to the margins of society. While he breaks the law, his actions reveal deeper issues about corruption, injustice, and the struggle for survival. As the narrative unfolds, it explores the lives of people living under constant pressure—facing poverty, neglect, and the abuse of power. The thief becomes a symbol of resistance, fighting back in his own way against the forces that seek to control or silence others.
650 _aមហាចោរនៅទល់ដែន
_vប្រលោមលោកខ្មែរ
650 _aThief at the border
_vKhmer novel
942 _2ddc
_cBK
_n0
999 _c6316
_d6316